000 01180nam a2200217Ia 4500
003 Ost
005 20260416102400.0
008 260416s9999||||xx |||||||||||||| ||und||
040 _cfsecg
041 _aara
082 _a658.8
100 _aساسي، حسيبة
_eمؤلف
245 0 _aتسويق الخدمات :
_bمطبوعة مقدمة لفائدة طلبة السنة الثالثة ليسانس تخصص تسويق /
_cحسيبة ساسي
260 _aالجزائر
_bجامعة الجزائر3: كلية العلوم الإقتصادية، العلوم التجارية وعلوم التسيير
_c2021
300 _a104 ورقة
_bايضاحات
_c12 سم
520 _aعموميات حول التسويق، التسويق في قطاع الخدمات، مفاهيم أساسية حول الخدمة، المزيج التسويقي الخدمي، سلوك المستهلك الخدمي،جودة الخدمة.
653 _aالتسويق
653 _aتسويق الخدمات
710 _aجامعة الجزائر3: كلية العلوم الإقتصادية، العلوم التجارية وعلوم التسيير
_eناشر علمي
942 _cHANDOUT
999 _c41369
_d41369